Регионална библиотека "Любен Каравелов" - Русе

Дон Жуан или любовта към геометрията (Запис номер 188327)

MARC детайли
000 -Лидер
Контролно поле с фиксирана дължина nam a22 a 4500
003 - Код на организацията, давaща контролен номер
Контролно поле BLK
005 - Дата и час на последна редакция
Контролно поле 20230322124156.0
008 - Елементи от данни с фиксирана дължина
fixed length control field 180411b bul|||||r ||||||| ||bul||
010 ## - Наследен системен номер
LC control number KNG00197345000
040 ## - Източник на каталожния запис
Идентификатор на билиотеката - собственик на записа BLK
041 ## - Код за език
Код за езика на текст/звукозапис или на отделно заглавие Български
Код за езика КДБФ Български
080 ## - УДК
Текстов определител УДК ?Швейцарска литература
УДК код - определител по УДК 830(494)
УДК определител -2
УДК - код + определител 830(494)-2
100 1# - Редна дума - Автор
Автор Фриш, Макс
Авторска отговорност първи автор
R(LIN) 135048
139 ## - Редно поле
Редна дума Фриш, Макс
Авторски знак Фрич - Ф 84
245 10 - Сведения за заглавието
Заглавие Дон Жуан или любовта към геометрията
Подзаглавни данни Комедия в 5 д.
Редно поле (дума) Макс Фриш; прев. от нем. Венцеслав Константинов Константинов
257 ## - Страна на издаване
Страна на създаване/издаване Швейцария
260 ## - Област на издателските данни
Място на издаване, разпространение и проч. София
Име на издателя, разпространителя и проч. Нар. култура
Година на издаване 1979
300 ## - Физическа характеристика
Страници 124 с.
Размери/Мащаб 20 см
380 ## - Жанр
Жанр Худож. лит.
490 ## - СЕРИИ (Колекции)
Име на серия Библиотека Театър
№: серия 50
9 (RLIN) 204428
500 ## - Общи забележки
Забележка Ориг. загл. Don Juan oder die Liebe zur Geometrie.
700 1# - Други автори (авторска отговорност)
Лично име Константинов, Венцеслав Константинов
Автороска отговорност (Описва отношението между автора и произведението) прев. от нем.
9 (RLIN) 374149
852 ## - Местоположение
Форматна сигнатура Цб 96692
Фондова буква Хранилище
856 4# - Електронен адрес и достъп
Електронен формат pdf - файл
Инструкция (цена за достъп) 0.00
Права за достъп disable
999 ## - СИСТЕМНИ КОНТРОЛНИ НОМЕРА
Koha biblionumber 188327
Koha biblioitemnumber 188327
942 ## - АРТИКУЛИ
Вид на библиотечния материал Книги
Скрит в OPAC Не
Koha issues (borrowed), all copies 4
Периодичен библиозапис Да
944 ## - СЪЗДАВАНЕ И РЕДАКЦИЯ на ЗАПИСА
Създаване/Редакция Създаване
Дата на регистрацията/редакция 02.12.2016
Служител, извършил регистрацията/редакцията Грета_Цуфелде
944 ## - СЪЗДАВАНЕ И РЕДАКЦИЯ на ЗАПИСА
Създаване/Редакция Редакция
Дата на регистрацията/редакция 02.12.2016
Служител, извършил регистрацията/редакцията Грета_Цуфелде
Наличности
Код за отписване Код за изгубен артикул Източник на класификационната схема Код за повреда Коз за рестрикции Код за отдаване Артикулен № Име на библиотеката - собственик Име на библиотеката, в която се намира в момента Статус (Текущо местоположение) Дата на вписване в системата Местоположение - отдел Цена в лева Инвентарен номер Систематично азбучна сигнатура Баркод Номер на екземпляра Цена в евро Служебна бележка Служебен тип на артикула
  Не е изгубен Universal Decimal Classification Не е повреден само за читалня ползва се в читалня 330097 Регионална библиотека "Любен Каравелов" Русе Регионална библиотека "Любен Каравелов" Русе Хранилище 1979-01-01 Хранилище 0.78 276454 Цб 96692 120000276454 1 0.40 N: стар фонд Дата: 01.01.1979 Книги
Изтеглен Не е изгубен Universal Decimal Classification Не е повреден без рестрикции заемане за дома 330098 Регионална библиотека "Любен Каравелов" Русе Регионална библиотека "Любен Каравелов" Русе Заемна - подръчен фонд 1979-01-01 Заемна - подръчен фонд 0.78 279023 П 830(494)-2/Ф 84 279023 2 0.40 N: стар фонд Дата: 01.01.1979; Бележки инв: П2018 Книги
Изтеглен Не е изгубен Universal Decimal Classification Не е повреден без рестрикции заемане за дома 330099 Регионална библиотека "Любен Каравелов" Русе Регионална библиотека "Любен Каравелов" Русе Заемна - подръчен фонд 1979-01-01 Заемна - подръчен фонд 0.78 279024 П 830(494)-2/Ф 84 279024 3 0.40 N: стар фонд Дата: 01.01.1979 Книги
  Не е изгубен Universal Decimal Classification Не е повреден без рестрикции заемане за дома 330100 Регионална библиотека "Любен Каравелов" Русе Регионална библиотека "Любен Каравелов" Русе Заемна - подръчен фонд 1979-01-01 Заемна - подръчен фонд 0.78 279026 П 830(494)-2/Ф 84 120000279026 4 0.40 N: стар фонд Дата: 01.01.1979 Дата инв: 12.02.2018 Бележки инв: П2018 Книги
Изтеглен Не е изгубен Universal Decimal Classification Не е повреден без рестрикции заемане за дома 330101 Регионална библиотека "Любен Каравелов" Русе Регионална библиотека "Любен Каравелов" Русе Заемна - подръчен фонд 1979-01-01 Заемна - подръчен фонд 0.78 279027 П 830(494)-2/Ф 84 279027 5 0.40 N: стар фонд Дата: 01.01.1979 Книги
Vip Innovations Ltd, Rousse, Bulgaria 2025